| Tag |
First Indicator |
Second Indicator |
Subfields |
| LEADER |
00000cam a2200000 4500 |
| 001 |
in00000057663 |
| 005 |
20151008050416.0 |
| 008 |
730803s1951 mau b 00000 eng |
| 010 |
|
|
|a 51009072
|
| 035 |
|
|
|a (OCoLC)00670848
|
| 035 |
|
|
|9 AAG0879AM
|
| 040 |
|
|
|a DLC
|c CSU
|d TXA
|d UtOrBLW
|
| 049 |
|
|
|a TXAM
|c 1 [188034]
|
| 050 |
|
0 |
|a HJ257
|b .K4
|
| 082 |
0 |
|
|a 336
|
| 092 |
|
|
|a 336
|b K33p
|
| 100 |
1 |
|
|a Kendrick, M. Slade
|q (Myron Slade)
|
| 245 |
1 |
0 |
|a Public finance ;
|b principles and problems.
|
| 264 |
|
1 |
|a Boston :
|b Houghton Mifflin,
|c [1951]
|
| 300 |
|
|
|a x, 708p :
|b illustrations,maps. ;
|c 24cm.
|
| 336 |
|
|
|a text
|b txt
|2 rdacontent
|
| 337 |
|
|
|a unmediated
|b n
|2 rdamedia
|
| 338 |
|
|
|a volume
|b nc
|2 rdacarrier
|
| 504 |
|
|
|a Bibliographical footnotes.
|
| 650 |
|
0 |
|a Finance, Public
|z United States
|x History
|y 1933-
|
| 999 |
|
|
|a MARS
|
| 999 |
f |
f |
|s 534ca9aa-d7d5-3dc1-a3b1-96e4fb214e75
|i d05cfb67-9f31-3046-b6d0-1298aec6eca1
|t 0
|
| 952 |
f |
f |
|p ric
|a Texas A&M University
|b Rellis Campus
|c Joint Library Facility
|d Remote Storage
|t 0
|e HJ257 .K4
|h Library of Congress classification
|i unmediated -- volume
|m A14800747332
|
| 998 |
f |
f |
|a HJ257 .K4
|t 0
|l Remote Storage
|